Effect of temperature on the stress softening and damping behavior of phenyl-vinyl-methyl-polysiloxane (PVMQ) elastomers (Record no. 75294)

MARC details
000 -LEADER
fixed length control field 00510nam a22001697a 4500
100 ## - MAIN ENTRY--AUTHOR NAME
Personal name Ornek, O.
245 ## - TITLE STATEMENT
Title Effect of temperature on the stress softening and damping behavior of phenyl-vinyl-methyl-polysiloxane (PVMQ) elastomers
260 ## - PUBLICATION, DISTRIBUTION, ETC. (IMPRINT)
Name of publisher Kautschuk Gummi Kunststoffe, 76(6): 2023. 51-55.
300 ## - PHYSICAL DESCRIPTION
Other physical details December
650 ## - SUBJECT ADDED ENTRY--TOPICAL TERM
Topical Term PVMQ elastomer
650 ## - SUBJECT ADDED ENTRY--TOPICAL TERM
Topical Term Stress softening
650 ## - SUBJECT ADDED ENTRY--TOPICAL TERM
Topical Term Damping properties
700 ## - ADDED ENTRY--PERSONAL NAME
Personal name Bayrak, F.O
700 ## - ADDED ENTRY--PERSONAL NAME
Personal name Aksut, B.D
700 ## - ADDED ENTRY--PERSONAL NAME
Personal name Ankara, M.S.
942 ## - ADDED ENTRY ELEMENTS (KOHA)
Koha item type Journals
Holdings
Withdrawn status Lost status Damaged status Not for loan Home library Current library Date acquired Koha item type
        RRII Library RRII Library 24/05/2024 Journals